000 01130nam a22002897a 4500
005 20220906113751.0
008 220906b2015 ii ao||g |||| 00| 0btel d
020 _a9788183512916:
_cRs.345.00;
_qPBK.
040 _aNLI
_btel
_cTelugu Division
041 0 _atel
044 _aii
082 0 4 _223rd ed.
_aTe 923.2
_bAn 482 nm.2
100 1 _6880-01
_aఆండీ మారినో .
245 1 0 _6880-02
_aనరేంద్ర మోడీ /
_cఆండీ మారినో .
260 _aన్యూ ఢిల్లీ :
_bరీం పబ్లికేషన్స్ ప్రైవేటు లిమిటెడ్ ,
_c2015.
300 _a256p:
_billus,
_c21cm.
650 0 _aBiography
650 0 _aPolitician
_9931745
651 0 _zIndia
_9686598
700 1 _4అనువాదం
_6880-03
_aదామెర వెంకట సూర్యారావు .
_9703456
852 _aBB
880 1 _6100-01
_aĀṇḍī mārinō.
880 1 _6245-02
_aNarēndra mōḍī/
_cĀṇḍī mārinō.
880 1 _6700-03
_aDāmera veṅkaṭa sūryārāvu.
887 _aBADIYA DINESH KUMAR
942 _2ddc
_cBKS
999 _c1551922
_d1551922